LEADER 01663nam 2200385Ia 450 001 996387391603316 005 20200818221050.0 035 $a(CKB)4940000000084688 035 $a(EEBO)2240914906 035 $a(OCoLC)ocm24351042e 035 $a(OCoLC)24351042 035 $a(EXLCZ)994940000000084688 100 $a19910910d1618 uy | 101 0 $aeng 135 $aurbn||||a|bb| 200 10$aBy the Queene$b[electronic resource] $ewhereas the Queenes Maiestie our soueraigne lady by reason of the plague and pestilence in the citie of London dyd lately by her proclamation adiourne part of the tearme of S. Michael ... Her Maiestie is therefore forced ... to adiourne the rest of the said tearme .. 210 $a[London] $cImprinted at London in Powles Churchyarde by Richard Iugge and Iohn Cawood [i.e. B. Norton and J. Bill] ... $d[ca. 1618] 215 $a1 broadside 300 $aSecond part of title from first 10 lines of text. 300 $aPublishers and date of imprint suggested by STC (2nd ed.). 300 $a"Geuen at her Maiesties Castel of Windsor the xxiii. day of October, in the eleuenth yeere of her Maiesties raigne." 300 $aImperfect: cropped. 300 $aReproduction of original in the Harvard University. Library. 330 $aeebo-0062 606 $aProclamations$zGreat Britain 607 $aGreat Britain$xHistory$yElizabeth, 1558-1603 615 0$aProclamations 701 $aElizabeth$cQueen of England,$f1533-1603.$0996842 801 0$bEBL 801 1$bEBL 801 2$bWaOLN 906 $aBOOK 912 $a996387391603316 996 $aBy the Queene$92299089 997 $aUNISA LEADER 01145nas 2200397 a 450 001 996213185003316 005 20221130121303.0 035 $a(OCoLC)39319723 035 $a(CKB)1000000000528784 035 $a(CONSER)sn 98039299 035 $a(DE-599)ZDB2064532-6 035 $a(NjHacI)991000000000528784 035 $a(EXLCZ)991000000000528784 100 $a19980604a19929999 sy 101 0 $aeng 135 $aurcnu||||| 181 $ctxt$2rdacontent 182 $cc$2rdamedia 183 $acr$2rdacarrier 200 10$aAddiction treatment forum 210 $a[Mundelein, Ill.?] $cLandmark Group$d1992- 210 1$aMundelein, Ill :$cLandmark Group,$d1992. 215 $a1 online resource 606 $aSubstance abuse$xTreatment$vPeriodicals 606 $aSubstance-Related Disorders$xtherapy 608 $aPeriodicals. 615 0$aSubstance abuse$xTreatment 615 12$aSubstance-Related Disorders$xtherapy. 676 $a362.29 712 02$aLandmark Group, 801 0$bNjHacI 801 1$bNjHacl 906 $aJOURNAL 912 $a996213185003316 996 $aAddiction treatment forum$92296226 997 $aUNISA